[Event "Florianopolis op 10th"]
[Site "Florianopolis"]
[Date "2024.01.20"]
[Round "1"]
[White "Moura, Bernardo Lalane Mas"]
[Black "Kim, Thiago"]
[Result "0-1"]
[WhiteElo "1327"]
[BlackElo "1944"]
[PlyCount "55"]
[EventDate "2024.01.20"]
[EventType "swiss"]
[EventRounds "10"]
[EventCountry "BRA"]
[SourceTitle "CB05_2024"]
[SourceDate "2024.01.31"]
[SourceVersion "1"]
[SourceVersionDate "2024.01.31"]
[SourceQuality "1"]

1. d4 Nf6 2. c4 g6 3. f3 Nc6 4. e4 e5 5. d5 Nd4 6. Nc3 Bg7 7. Be3 c5 8. Qd2 d6 9. 0-0-0 Bd7 10. g4 Qe7 11. h4 h5 12. g5 Nh7 13. Bh3 Nf8 14. Bg2 a6 15. Kb1 b5 16. Bf1 Rb8 17. Bd3 bxc4 18. Bxc4 Bb5 19. Bd3 Nd7 20. Nce2 0-0 21. Nc3 Rb7 22. a4 Bxd3+ 23. Qxd3 Rfb8 24. Rd2 c4 25. Qxc4 Nc5 26. Bxd4 exd4 27. Na2 Nxe4 28. fxe4 0-1

[Event "Florianopolis op 9th"]
[Site "Florianopolis"]
[Date "2023.01.26"]
[Round "5"]
[White "Kim, Thiago"]
[Black "Villalba, Marcelo"]
[Result "1-0"]
[WhiteElo "1980"]
[BlackElo "2269"]
[PlyCount "81"]
[EventDate "2023.01.23"]
[EventType "swiss"]
[EventRounds "10"]
[EventCountry "BRA"]
[SourceTitle "CBM 212 Extra"]
[Source "ChessBase"]
[SourceDate "2023.03.31"]
[SourceVersion "1"]
[SourceVersionDate "2023.03.31"]
[SourceQuality "1"]

1. e4 e5 2. Nf3 Nc6 3. d4 exd4 4. Bc4 Nf6 5. e5 d5 6. Bb5 Ne4 7. Nxd4 Bd7 8. Bxc6 bxc6 9. 0-0 Bc5 10. f3 Ng5 11. Be3 Bb6 12. f4 Ne4 13. Nd2 Nxd2 14. Qxd2 c5 15. Nf3 d4 16. Bf2 Bc6 17. f5 Qd5 18. Bh4 Kd7 19. c4 Qxc4 20. e6+ Kc8 21. Ne5 Qd5 22. Nxc6 Qxc6 23. exf7 Rf8 24. Qe2 Rxf7 25. Qa6+ Kd7 26. a4 Raf8 27. a5 Rxf5 28. Rxf5 Rxf5 29. axb6 axb6 30. Re1 g5 31. Qe2 Qg6 32. Qe7+ Kc8 33. Bg3 Rf7 34. Qe8+ Kb7 35. Qd8 Qf5 36. Ra1 Kc6 37. Qa8+ Kd7 38. Re1 Re7 39. Qa4+ Kd8 40. Bxc7+ Kc8 41. Qa8+ 1-0

[Event "Rio de Janeiro Duchamp op 4th"]
[Site "Rio de Janeiro"]
[Date "2022.12.09"]
[Round "3"]
[White "Labussiere, Yago"]
[Black "Kim, Thiago"]
[Result "1-0"]
[WhiteElo "2229"]
[BlackElo "1918"]
[PlyCount "55"]
[EventDate "2022.12.07"]
[EventType "swiss"]
[EventRounds "9"]
[EventCountry "BRA"]
[SourceTitle "CBM 211 Extra"]
[Source "ChessBase"]
[SourceDate "2023.01.31"]
[SourceVersion "1"]
[SourceVersionDate "2023.01.31"]
[SourceQuality "1"]

1. c4 c5 2. Nc3 Nf6 3. e4 d6 4. g3 g6 5. Bg2 Bg7 6. Nge2 Nc6 7. 0-0 0-0 8. d3 a6 9. a3 Rb8 10. Rb1 Nd4 11. Nxd4 cxd4 12. Ne2 Nd7 13. f4 b5 14. cxb5 axb5 15. g4 Nc5 16. b4 Na4 17. f5 Qb6 18. Qb3 Nc3 19. Rb2 gxf5 20. gxf5 d5 21. exd5 Nxe2+ 22. Rxe2 Bd7 23. Rxe7 Qd6 24. f6 Bxf6 25. Rxd7 Qxd7 26. Rxf6 Rbc8 27. Rf1 Rfe8 28. Qd1 1-0

[Event "Florianopolis Winter op 6th"]
[Site "Florianopolis"]
[Date "2022.07.15"]
[Round "5"]
[White "Kim, Thiago"]
[Black "Boabaid, Jorge Alberto Duard"]
[Result "1-0"]
[WhiteElo "1970"]
[BlackElo "1772"]
[PlyCount "41"]
[EventDate "2022.07.13"]
[EventType "swiss"]
[EventRounds "9"]
[EventCountry "BRA"]
[SourceTitle "CBM 209 Extra"]
[Source "ChessBase"]
[SourceDate "2022.09.30"]
[SourceVersion "1"]
[SourceVersionDate "2022.09.30"]
[SourceQuality "1"]

1. e4 d5 2. exd5 Nf6 3. Nf3 Qxd5 4. Be2 Bg4 5. c4 Qa5 6. 0-0 Nc6 7. d4 0-0-0 8. d5 e6 9. Bd2 Nb4 10. Nc3 c5 11. a3 Na6 12. Nb5 Qb6 13. Qe1 exd5 14. Ba5 Qe6 15. Bxd8 Kxd8 16. cxd5 Nxd5 17. Rd1 Kc8 18. Nfd4 Bxe2 19. Nxe6 Bxb5 20. Rxd5 fxe6 21. Qxe6+ 1-0

[Event "BRA-ch U2300 Amateurs"]
[Site "Sao Paulo"]
[Date "2022.06.17"]
[Round "3"]
[White "Stapenhorst, Matheus Frederico"]
[Black "Kim, Thiago"]
[Result "0-1"]
[WhiteElo "1981"]
[BlackElo "1938"]
[PlyCount "138"]
[EventDate "2022.06.16"]
[EventType "swiss"]
[EventRounds "7"]
[EventCountry "BRA"]
[SourceTitle "CBM 208 Extra"]
[Source "ChessBase"]
[SourceDate "2022.07.31"]
[SourceVersion "1"]
[SourceVersionDate "2022.07.31"]
[SourceQuality "1"]

1. e4 c5 2. Nf3 Nc6 3. d4 cxd4 4. Nxd4 e5 5. Nb5 d6 6. a4 Be6 7. N1c3 a6 8. Na3 Nf6 9. Bg5 Be7 10. Bxf6 Bxf6 11. Nc4 Nd4 12. Nd5 Bxd5 13. exd5 0-0 14. c3 Nf5 15. a5 Ne7 16. Ra4 Rb8 17. h4 Nc8 18. Rb4 Be7 19. Qb3 Qc7 20. g3 f5 21. Nxe5 Na7 22. Nd3 Bf6 23. Nf4 Qxa5 24. Rxb7 Rxb7 25. Qxb7 Nb5 26. Ne6 Qa1+ 27. Ke2 Qxb2+ 28. Ke3 Qxc3+ 29. Bd3 Bd4+ 30. Kf3 Qxd3+ 31. Kg2 Qe4+ 32. Kh2 Qf3 33. Rf1 f4 34. gxf4 Rxf4 35. Qc8+ Rf8 36. Nxf8 Be5+ 37. Kg1 Qxf8 38. Qe6+ Qf7 39. Qc8+ Qf8 40. Qe6+ Kh8 41. f4 Bd4+ 42. Kg2 h6 43. f5 Nc7 44. Qe4 Be5 45. Rc1 Qf7 46. Rd1 Ne8 47. Qa4 Nf6 48. Qxa6 Qh5 49. Qd3 Qg4+ 50. Kf1 Qxh4 51. Qf3 Qg4 52. Qxg4 Nxg4 53. Rd3 Kg8 54. Kg2 Kf7 55. Kf3 Nf6 56. Rd1 Ng8 57. Rb1 Kf6 58. Ke4 Ne7 59. Rb8 h5 60. Rf8+ Kg5 61. Rf7 Bf6 62. Rf8 Nxf5 63. Re8 h4 64. Kf3 Be5 65. Rh8 Ne7 66. Ke4 Kg4 67. Rh7 h3 68. Rh8 h2 69. Rh7 Ng6 0-1

[Event "Timbo op 2nd"]
[Site "Timbo"]
[Date "2022.02.19"]
[Round "5"]
[White "Kim, Thiago"]
[Black "Umetsubo, Cesar Hidemitsu"]
[Result "0-1"]
[WhiteElo "1943"]
[BlackElo "2402"]
[PlyCount "48"]
[EventDate "2022.02.17"]
[EventType "swiss"]
[EventRounds "7"]
[EventCountry "BRA"]
[SourceTitle "EXT 2023"]
[Source "ChessBase"]
[SourceDate "2022.10.05"]
[SourceVersion "1"]
[SourceVersionDate "2022.10.05"]
[SourceQuality "1"]

1. e4 c5 2. Nf3 e6 3. d4 cxd4 4. Nxd4 a6 5. c4 Nf6 6. Nc3 Qc7 7. Qd3 b6 8. Be2 Bb7 9. Be3 d6 10. f4 Nbd7 11. Bf3 Rc8 12. b3 b5 13. Ndxb5 axb5 14. Nxb5 Qa5+ 15. Kf2 Qb4 16. Rhd1 Nc5 17. Bxc5 Qxc5+ 18. Kf1 Be7 19. Rd2 0-0 20. g4 d5 21. exd5 exd5 22. Qf5 Bc6 23. g5 Bxb5 24. cxb5 Qc3 0-1

[Event "Florianopolis op 8th"]
[Site "Florianopolis"]
[Date "2022.01.29"]
[Round "9"]
[White "Kim, Thiago"]
[Black "Pereira, Silvio Cunha"]
[Result "0-1"]
[WhiteElo "1943"]
[BlackElo "2217"]
[PlyCount "64"]
[EventDate "2022.01.24"]
[EventType "swiss"]
[EventRounds "10"]
[EventCountry "BRA"]
[SourceTitle "EXT 2023"]
[Source "ChessBase"]
[SourceDate "2022.10.05"]
[SourceVersion "1"]
[SourceVersionDate "2022.10.05"]
[SourceQuality "1"]

1. e4 e5 2. Nf3 Nc6 3. d4 exd4 4. Bc4 Bc5 5. c3 d3 6. 0-0 d6 7. h3 Nf6 8. b4 Bb6 9. Bxd3 0-0 10. Bg5 a5 11. b5 Ne5 12. Nxe5 dxe5 13. Qe2 h6 14. Bh4 Qd6 15. Rd1 g5 16. Bg3 g4 17. Bh4 Nh5 18. g3 Qg6 19. Kh2 gxh3 20. f3 Kh7 21. Nd2 Rg8 22. Qe1 Nf4 23. Bf1 Be6 24. Rac1 a4 25. c4 Bc5 26. Nb1 Qh5 27. Nd2 Ng2 28. Bxg2 hxg2 29. Qe2 Be7 30. Qf2 Rxg3 31. Qxg3 Bxh4 32. Qxg2 Bf2+ 0-1

[Event "Pan American-ch U2000"]
[Site "Timbo"]
[Date "2021.12.03"]
[Round "5"]
[White "Kim, Thiago"]
[Black "Mangialardo, Tiago Carvalho"]
[Result "1-0"]
[WhiteElo "1792"]
[BlackElo "1931"]
[PlyCount "75"]
[EventDate "2021.12.01"]
[EventType "swiss"]
[EventRounds "9"]
[EventCountry "BRA"]
[SourceTitle "CBM 205 Extra"]
[Source "ChessBase"]
[SourceDate "2022.01.31"]
[SourceVersion "1"]
[SourceVersionDate "2022.01.31"]
[SourceQuality "1"]

1. e4 Nf6 2. e5 Ne4 3. d4 d6 4. Nf3 g6 5. Bc4 e6 6. Bg5 f6 7. exf6 Nxf6 8. Qe2 Qe7 9. Nc3 Bg7 10. 0-0-0 0-0 11. Nd5 Qf7 12. Nxf6+ Bxf6 13. Bh6 Re8 14. h4 d5 15. Bd3 e5 16. Nxe5 Bxe5 17. dxe5 Nc6 18. f4 Nb4 19. a3 Nxd3+ 20. Qxd3 c6 21. h5 gxh5 22. Bg5 Qg6 23. Qb3 b5 24. Bf6 Bg4 25. Rd3 h6 26. Rc3 Rac8 27. Qb4 Qf7 28. Qc5 Kh7 29. a4 a6 30. Qb6 Re6 31. Qxa6 d4 32. Rd3 Ree8 33. Rxd4 Ra8 34. Qxc6 bxa4 35. Rxa4 Rxa4 36. Qxa4 Kg6 37. Rd1 Bxd1 38. Qe4# 1-0

[Event "Pan American-ch U2000"]
[Site "Timbo"]
[Date "2021.12.02"]
[Round "3"]
[White "Silva, Guilherme Henrique"]
[Black "Kim, Thiago"]
[Result "1/2-1/2"]
[WhiteElo "1925"]
[BlackElo "1792"]
[PlyCount "123"]
[EventDate "2021.12.01"]
[EventType "swiss"]
[EventRounds "9"]
[EventCountry "BRA"]
[SourceTitle "CBM 205 Extra"]
[Source "ChessBase"]
[SourceDate "2022.01.31"]
[SourceVersion "1"]
[SourceVersionDate "2022.01.31"]
[SourceQuality "1"]

1. e4 c5 2. Nf3 Nc6 3. Bb5 e5 4. Bxc6 dxc6 5. 0-0 Qc7 6. d3 g6 7. b3 Bg7 8. Bb2 Ne7 9. Re1 0-0 10. Nbd2 Rd8 11. Nc4 f6 12. Qe2 Be6 13. Ne3 Nc8 14. Rad1 Nd6 15. h3 Nb5 16. c3 a5 17. d4 cxd4 18. cxd4 exd4 19. Nxd4 Nxd4 20. Bxd4 Qf7 21. Qb2 a4 22. Ng4 axb3 23. axb3 Bxb3 24. Rb1 Ba2 25. Ra1 Qb3 26. Qxb3+ Bxb3 27. Rxa8 Rxa8 28. Rb1 Rd8 29. Rxb3 Rxd4 30. Rxb7 Rxe4 31. Rc7 f5 32. Ne3 Re6 33. Nc4 Bd4 34. Kf1 c5 35. g3 Ra6 36. Ne3 Ra2 37. h4 Bxe3 38. fxe3 Rc2 39. Ke1 Rg2 40. Rxc5 Rxg3 41. Kf2 Rg4 42. h5 Kg7 43. hxg6 hxg6 44. Kf3 Re4 45. Ra5 Kf6 46. Ra8 Kg5 47. Ra5 Rh4 48. Kg3 Rh5 49. Ra8 Rh6 50. Rc8 Kf6 51. Kf3 g5 52. Rf8+ Ke5 53. Re8+ Re6 54. Ra8 g4+ 55. Kf2 Rc6 56. Ra5+ Ke4 57. Ra4+ Kd3 58. Rd4+ Kc3 59. Rf4 Rc5 60. e4 Rc4 61. Rxf5 Rxe4 62. Kg3 1/2-1/2

[Event "BRA-ch U16"]
[Site "Florianopolis"]
[Date "2021.07.04"]
[Round "6"]
[White "Rodrigues Mota, Romulo Cardoso S"]
[Black "Kim, Thiago"]
[Result "0-1"]
[WhiteElo "1695"]
[BlackElo "1799"]
[PlyCount "136"]
[EventDate "2021.07.01"]
[EventType "swiss"]
[EventRounds "6"]
[EventCountry "BRA"]
[SourceTitle "CBM 203 Extra"]
[Source "ChessBase"]
[SourceDate "2021.09.30"]
[SourceVersion "1"]
[SourceVersionDate "2021.09.30"]
[SourceQuality "1"]

1. e4 c5 2. Nf3 e6 3. d4 cxd4 4. Nxd4 Nf6 5. Bd3 Nc6 6. Nxc6 bxc6 7. 0-0 d5 8. Nc3 Be7 9. Re1 0-0 10. b3 Bb7 11. Bb2 c5 12. exd5 exd5 13. Ne2 Bd6 14. Qc1 Ng4 15. h3 Ne5 16. Ng3 Nxd3 17. cxd3 Bxg3 18. fxg3 Rc8 19. Qf4 d4 20. Rac1 Qd5 21. Rc2 Rfe8 22. Ree2 Ba6 23. Qc7 Re3 24. Rxe3 dxe3 25. Qf4 Qxd3 26. Qe5 f6 27. Qe6+ Kf8 28. Rc3 Re8 29. Qxe8+ Kxe8 30. Rxd3 Bxd3 31. Ba3 c4 32. bxc4 Bxc4 33. Bc5 e2 34. Kf2 a6 35. a3 Kf7 36. h4 f5 37. Bd4 g6 38. Bc3 Ke6 39. Ke3 Kd5 40. a4 h6 41. Bd2 Ke5 42. Bc3+ Kd5 43. Bd2 Ke5 44. Bc3+ Ke6 45. Kd4 Bb3 46. a5 Ba4 47. Bb4 Bb5 48. Bd2 g5 49. Be1 Kf6 50. Bc3 Kg6 51. Ke5 Bc6 52. Be1 Bxg2 53. h5+ Kxh5 54. Kxf5 Bh3+ 55. Ke4 Kg4 56. Ke3 Bf1 57. Kf2 h5 58. Bb4 h4 59. gxh4 gxh4 60. Bc3 Kf4 61. Bb4 Ke4 62. Bd2 Kd3 63. Bg5 h3 64. Bf4 Kc2 65. Ke1 Kd3 66. Kf2 h2 67. Bxh2 Kd2 68. Bd6 e1Q+ 0-1